00654nam a2200133Ia 4500008004100000100003500041245012500076250001100201260005500212300002000267500012900287650005700416650004700473180815s9999 xx 000 0 und d aPresidential Management Staff. cPresidential Management Staff.--aThe Philippines Today :bpole vaulting into the 21st century (Citius,Fortius,Altius) / a2nd ed aPhilippines :bPresidential Management Staffc1997 axiv, 329 pages. aa technical report on the five-year accomplishment of the Ramos administration to accompany the state of the nation address. aPhilippines -- Politics and government -- 1992-1998. aPhilippines, President (1992-1998 :Ramos).